EU Countries - Sudden Death - Statistics

General Stats
  • This quiz has been taken 73 times
  • The average score is 13 of 23
Answers on the Grid
Answers color-coded by a green-red scale on the quiz's grid according to % correct below.
Austria
Belgium
Bosnia
Bulgaria
Croatia
Cyprus
Czech Republic
Denmark
Finland
France
Greece
Hungary
Iceland
Ireland
Italy
Kosovo
Luxemburg
Malta
Monaco
Netherlands
Norway
Poland
Portugal
Romania
San Marino
Serbia
Slovakia
Slovenia
Spain
Sweden
Switzerland
United Kingdom
 
Answer Stats
Answer % Correct
Belgium
89%
Austria
87%
France
80%
Croatia
71%
Greece
69%
Czech Republic
62%
Denmark
60%
Finland
60%
Hungary
58%
Italy
58%
Ireland
53%
Portugal
53%
Spain
53%
Bulgaria
51%
Netherlands
51%
Poland
49%
Cyprus
47%
Luxemburg
47%
Malta
40%
Slovakia
40%
Romania
38%
Slovenia
36%
Sweden
36%
No matching quizzes found
Score Distribution
Percent of People with Each Score
Percentile by Number Answered
Your Score History
You have not taken this quiz